000 01798nam0a2200385 4500
001 RU\NLR\bibl\218415
005 20250619103349.0
021 _aRU
_b2001-36618
_91740
035 _a(NLR Aleph) 000214501
090 _a1245717
_c1245717
100 _a20011217d2001 |||y0rusy50 ca
101 0 _arus
102 _aRU
105 _ay |||||||||
200 1 _aОфицерская честь
_e(Сб. материалов и док. о традициях и культуре отношений в офицер. корпусе рус. армии в помощь изучающим "Основы воен. службы")
_fН.А. Печень
210 _aМ.
_cПрофессионал-Ф
_d2001
215 _a136 с.
_d20
225 1 _aСерия "Основы военно-патриотического воспитания молодежи"
320 _aБиблиогр.: с. 132-133
606 0 _aОфицерская честь
_jСборники
_yРоссийская Федерация
_92230220
_3RU\NLR\auth\661338625
606 0 _aОфицеры
_jСборники
_xВоспитание на боевых традициях
_yРоссийская Федерация
_92230225
_3RU\NLR\auth\661338628
610 0 _aВоинская этика
610 0 _aОфицеры русской армии и военно-морского флота
610 0 _aРусская армия - История
675 _a355.131(47+57)
_v3
_zrus
686 _a68.49(2)
_2rubbk
686 _aЦ4,6(2Р)243.131я43
686 _aЦ4,6(2Р)420.3я43
700 1 _aПечень
_bН. А.
_gНиколай Анатольевич
_4070
801 0 _aRU
_bRKP
_c20011217
_gPSBO
801 1 _aRU
_bRKP
_c20011217
801 2 _aRU
_bNLR
_c20020122
_grcr
942 _cBOOK
980 _aNB